| 000 | 03286namaa2200541uu 4500 | ||
|---|---|---|---|
| 001 | doab112823 | ||
| 003 | oapen | ||
| 005 | 20260218110502.0 | ||
| 006 | m o d | ||
| 007 | cr|mn|---annan | ||
| 008 | 230817s2024 xx |||||o ||| 0|eng d | ||
| 020 | _a9781003176497 | ||
| 020 | _a9781003176497 | ||
| 020 | _a9781032009421 | ||
| 020 | _a9781032009445 | ||
| 024 | 7 |
_a10.4324/9781003176497 _2doi |
|
| 040 |
_aoapen _coapen _d |
||
| 041 | 0 | _aeng | |
| 042 | _adc | ||
| 720 | 1 |
_aLópez, Antonio _4edt |
|
| 245 | 0 | 0 | _aThe Routledge Handbook of Ecomedia Studies |
| 260 |
_bTaylor & Francis _c2024 |
||
| 300 | _a1 online resource (397 p.) | ||
| 336 |
_atext _btxt _2rdacontent |
||
| 337 |
_acomputer _bc _2rdamedia |
||
| 338 |
_aonline resource _bcr _2rdacarrier |
||
| 490 | 1 | _aRoutledge Environment and Sustainability Handbooks | |
| 506 | 0 |
_fUnrestricted online access _2star |
|
| 520 | _aThe Routledge Handbook of Ecomedia Studies gathers leading work by critical scholars in this burgeoning field. Redressing the lack of environmental perspectives in the study of media, ecomedia studies asserts that media are in and about the environment, and environments are socially and materially mediated. The book gives form to this new area of study and brings together diverse scholarly contributions to explore and give definition to the field. The Handbook highlights five critical areas of ecomedia scholarship: ecomedia theory, ecomateriality, political ecology, ecocultures, and eco-affects. Within these areas, authors navigate a range of different topics including infrastructures, supply and manufacturing chains, energy, e-waste, labor, ecofeminism, African and Indigenous ecomedia, environmental justice, environmental media governance, ecopolitical satire, and digital ecologies. The result is a holistic volume that provides an in-depth and comprehensive overview of the current state of the field, as well as future developments. This volume will be an essential resource for students, educators, and scholars of media studies, cultural studies, film, environmental communication, political ecology, science and technology studies, and the environmental humanities. The Open Access version of this book, available at www.taylorfrancis. com, has been made available under a Creative Commons Attribution-Non Commercial-No Derivatives (CC-BY-NC-ND) 4.0 license. | ||
| 540 |
_aCreative Commons _fhttps://creativecommons.org/licenses/by-nc-nd/4.0/ _2cc _uhttps://creativecommons.org/licenses/by-nc-nd/4.0/ |
||
| 546 | _aEnglish | ||
| 650 | 7 |
_aMedia studies _2bicssc |
|
| 650 | 7 |
_aPolitical structure & processes _2bicssc |
|
| 720 | 1 |
_aChang, Alenda Y. _4edt |
|
| 720 | 1 |
_aChang, Alenda Y. _4oth |
|
| 720 | 1 |
_aChu, Kiu-wai _4edt |
|
| 720 | 1 |
_aChu, Kiu-wai _4oth |
|
| 720 | 1 |
_aIvakhiv, Adrian _4edt |
|
| 720 | 1 |
_aIvakhiv, Adrian _4oth |
|
| 720 | 1 |
_aLópez, Antonio _4oth |
|
| 720 | 1 |
_aRust, Stephen _4edt |
|
| 720 | 1 |
_aRust, Stephen _4oth |
|
| 720 | 1 |
_aTola, Miriam _4edt |
|
| 720 | 1 |
_aTola, Miriam _4oth |
|
| 793 | 0 | _aDOAB Library. | |
| 856 |
_uhttps://docs.google.com/spreadsheets/d/1yKIrdCPDAG_9c22mwoOIO2DOhtj65Wqa/edit?usp=sharing&ouid=106555315294820607512&rtpof=true&sd=true _yList of Curated E-Books |
||
| 942 | _cE-BOOK | ||
| 999 |
_c81716 _d81715 |
||